Estadísticas para Ganadores UEFA Champions League

Haz click aquí para intentar la prueba.

Estadísticas generales

  • Esta prueba ha sido intentada 1.214 veces
  • La puntuación promedio es 17 de 22

Estadísticas de respuestas

TítulosEquipo% Correcto
13Real Madrid
100%
5Barcelona
99%
6Liverpool
97%
7Milan
97%
3Manchester United
94%
3Inter
92%
6Bayern Munich
91%
1Chelsea
88%
2Juventus
88%
4Ajax
84%
2Nottingham Forest
78%
2Porto
78%
2Benfica
75%
1Borussia Dortmund
72%
1Olympique de Marsella
71%
1Aston Villa
65%
1Celtic
57%
1PSV
55%
1Steaua Bucarest
51%
1Hamburgo
48%
1Feyenoord
40%
1Estrella Roja de Belgrado
35%

Distribución de puntuación

Porcentaje por número respondido

Porcentaje de gente con cada puntuación

Historial de tus puntuaciones

No has intentado esta prueba.